000
00281nam a22001217a 4500
020
_a
9780471757139
082
_a
621.384
100
_a
ROGER L. FREEMAN
245
_a
RADIO SYSTEM DESIGN FOR TELECOMMUNICATIONS
260
_a
USA
_b
JOHN WILEY & SONS
_c
2007
300
_a
880
942
_c
BK
999
_c
23248
_d
23248